000 00521nam a22002057a 4500
003 OSt
005 20150114154603.0
008 150114b xxu||||| |||| 00| 0 eng d
020 _a0906896878
040 _cDNLM
082 _aWB 18 H314m 1995
100 _aHawkins Richard L
_92231
245 _aMultiple Choice Qustions
_cPrepared by Richard L. Hawkins
250 _aBook 4
260 _aKnutsford:
_bPASTEST;
_c1995.
300 _bx, 180 p :
504 _aincludes index.
650 _aMCQs
_92433
942 _2z
_cSLOAN
999 _c904
_d904